| 000 | 00000nam##2200000za#4500 |
| 001 | 9.576188 |
| 003 | CaOODSP |
| 005 | 20210624185024 |
| 007 | cr ||||||||||| |
| 008 | 150406|1980||||xxc|||||o f|0| 0 eng|d |
| 040 | |aCaOODSP|beng |
| 043 | |an-cn--- |
| 086 | 1 |aFs97-13/217E-PDF |
| 110 | 1 |aCanada. |bDepartment of Fisheries and Oceans. |
| 245 | 10|aData report on effects of dissolved oxygen deficiency in bottom waters of Howe Sound - trawl data January 1978 to March 1979 and oceanographic data August 1977 to March 1979 / |h[electronic resource]|c[by] C.D. Levings and N.G. McDaniel. |
| 260 | |aWest Vancouver - British Columbia : |bFisheries and Oceans Canada |c1980. |
| 300 | |a94p.|breferences, tables |
| 490 | 1 |aCanadian data report of fisheries and aquatic sciences|vNo. 217 |
| 500 | |aOn t.p.: West Vancouver Laboratory, West Vancouver, British Columbia. Catalogue number of the print edition appears in the PDF version. |
| 546 | |a(Résumé en français) |
| 590 | |a13-09-Supp|b2013-04-04 |
| 830 | #0|aCanadian data report of fisheries and aquatic sciences ;|vNo. 217|w(CaOODSP)9.505124 |
| 856 | 40|ahttp://publications.gc.ca|qPDF|s1815 KB|uhttps://publications.gc.ca/collections/collection_2013/mpo-dfo/Fs97-13-217-eng.pdf|yNo. 217 |